000
00270nam a2200097Ia 4500
001
832467
005
20250826172355.0
008
250824s9999 xx 000 0 und d
245
0
_a
FATİH SULTAN MEHMET VE İSTANBULUN FETHİ
_c
YAVUZ BAHADIROĞLU
260
_b
PANAMA YAYINLARI
999
_c
832467
_d
832467